Ngoại khoa đông y

Enregistré dans:
Détails bibliographiques
Auteur principal: TRẦN VĂN KỲ
Format: Livre
Langue:Undetermined
Publié: H. Y Học 2002
Sujets:
Tags: Ajouter un tag
Pas de tags, Soyez le premier à ajouter un tag!
Thư viện lưu trữ: Trung tâm Học liệu Trường Đại học Cần Thơ
LEADER 00473nam a2200169Ia 4500
001 CTU_50184
008 210402s9999 xx 000 0 und d
082 |a 615.882 
082 |b K600 
100 |a TRẦN VĂN KỲ 
245 0 |a Ngoại khoa đông y 
245 0 |c TRẦN VĂN KỲ 
260 |a H. 
260 |b Y Học 
260 |c 2002 
650 |a folk medicine - formulae, receipts and prescriptions 
980 |a Trung tâm Học liệu Trường Đại học Cần Thơ